| 000 | 01114nam a22002417a 4500 | ||
|---|---|---|---|
| 003 | PE SENCICO BE | ||
| 005 | 20251020182621.0 | ||
| 008 | 221128b |||a|||| |||| 00| 0 eng d | ||
| 020 | _a978-84-9048-260-5 | ||
| 040 |
_aPE SENCICO BE _cPE SENCICO BE |
||
| 041 | _aspa | ||
| 082 |
_a526.9 _bP86 |
||
| 100 | 1 |
_9127 _aPriego de los Santos, Enrique _eautor |
|
| 245 | 1 |
_aTopografía : _binstrumentación y observaciones topográficas / _cEnrique Priego de los Santos |
|
| 260 |
_aMadrid: _bUniversitat Politecnica de Valencia, _c2015. |
||
| 300 |
_avi, 177 páginas : _bilustraciones, diagramas ; _c24 cm. |
||
| 505 | 0 | _aConceptos generales de la ingeniería geomática -- Conceptos generales de la ingeniería topográfica -- Instrumentación topográfica clásica -- Instrumentación topográfica electrónica --Observaciones topográficas -- Sistemas globales de navegación por satélite. | |
| 650 | 1 | 0 |
_aTopografía _94 |
| 650 | 2 | 0 |
_aGeografía matemática _9128 |
| 650 | 2 | 0 |
_aSistemas de Información Geográfica (SIG) _9125 |
| 910 |
_bhfp _chfp |
||
| 942 |
_2ddc _cLIB _h526.9 _iP86 |
||
| 999 |
_c3650 _d3650 |
||